<?xml version="1.0" encoding="UTF-8"?>
<collection xmlns="http://www.loc.gov/MARC21/slim">
  <record>
    <leader>00000nam  2200000   4500</leader>
    <controlfield tag="001">INLIS000000000056808</controlfield>
    <controlfield tag="005">20201006085923</controlfield>
    <datafield tag="035" ind1="#" ind2="#">
      <subfield code="a">0010-1020000001</subfield>
    </datafield>
    <controlfield tag="007">ta</controlfield>
    <controlfield tag="008">201006################g##########0#ind##</controlfield>
    <datafield tag="020" ind1="#" ind2="#">
      <subfield code="a">979-497-466-8</subfield>
    </datafield>
    <datafield tag="082" ind1="#" ind2="#">
      <subfield code="a">306</subfield>
    </datafield>
    <datafield tag="084" ind1="#" ind2="#">
      <subfield code="a">306 SUT z</subfield>
    </datafield>
    <datafield tag="100" ind1=" " ind2="#">
      <subfield code="a">Sutrisno, Muji</subfield>
    </datafield>
    <datafield tag="245" ind1="1" ind2="#">
      <subfield code="a">Ziarah peradaban /</subfield>
      <subfield code="c">DR. Mudji Sutrisno</subfield>
    </datafield>
    <datafield tag="260" ind1="#" ind2="#">
      <subfield code="a">Yogyakarta :</subfield>
      <subfield code="b">Kanisius,</subfield>
      <subfield code="c">1995</subfield>
    </datafield>
    <datafield tag="300" ind1="#" ind2="#">
      <subfield code="a">111 hlm ;</subfield>
      <subfield code="c">20 x 13 cm.</subfield>
    </datafield>
    <datafield tag="650" ind1="#" ind2="4">
      <subfield code="a">Kebudayaan dan Pemikiran</subfield>
    </datafield>
    <datafield tag="990" ind1="#" ind2="#">
      <subfield code="a">116.794/Pro-97</subfield>
    </datafield>
  </record>
</collection>
